<?xml version="1.0" encoding="UTF-8" ?>
<collection xmlns="http://www.loc.gov/MARC21/slim"><record><leader>00909nab a2200253 nc4500</leader><controlfield tag="001">25064</controlfield><controlfield tag="003">CH-000273-5</controlfield><controlfield tag="005">20170110112018.0</controlfield><datafield tag="035" ind1=" " ind2=" "><subfield code="a">(OCoLC)1005859368</subfield></datafield><datafield tag="040" ind1=" " ind2=" "><subfield code="a">CH-000273-5</subfield><subfield code="b">ger</subfield><subfield code="e">rda</subfield></datafield><datafield tag="041" ind1=" " ind2=" "><subfield code="a">fre</subfield></datafield><datafield tag="245" ind1="0" ind2="0"><subfield code="a">Ça ira</subfield><subfield code="b">revue mensuelle d&apos;art et de critique</subfield><subfield code="n">10 = 1921, janvier</subfield></datafield><datafield tag="264" ind1="0" ind2="1"><subfield code="a">Anvers, Eeckeren</subfield><subfield code="b">Ça Ira</subfield><subfield code="c">1921</subfield></datafield><datafield tag="300" ind1=" " ind2=" "><subfield code="a">Seiten 210-224</subfield><subfield code="c">27,1 x 21,4 cm</subfield></datafield><datafield tag="336" ind1=" " ind2=" "><subfield code="a">Text</subfield><subfield code="b">txt</subfield><subfield code="2">rdacontent</subfield></datafield><datafield tag="337" ind1=" " ind2=" "><subfield code="a">ohne Hilfsmittel zu benutzen</subfield><subfield code="b">n</subfield><subfield code="2">rdamedia</subfield></datafield><datafield tag="338" ind1=" " ind2=" "><subfield code="a">Band</subfield><subfield code="b">nc</subfield><subfield code="2">rdacarrier</subfield></datafield><datafield tag="500" ind1=" " ind2=" "><subfield code="a">Texte von Paul Neuhuys, Paul Manthy [u.a.]</subfield></datafield><datafield tag="510" ind1="4" ind2="0"><subfield code="a">Dada global, 1994</subfield><subfield code="c">S. 131, Nr. 5</subfield></datafield><datafield tag="651" ind1="0" ind2="7"><subfield code="a">Zürich</subfield><subfield code="x">Kunsthaus Zürich</subfield><subfield code="x">Sammlung</subfield><subfield code="x">Dadaismus</subfield><subfield code="2">gnd</subfield></datafield><datafield tag="655" ind1="0" ind2="7"><subfield code="a">Zeitschrift</subfield><subfield code="2">gnd-content</subfield></datafield><datafield tag="773" ind1=" " ind2=" "><subfield code="t">Ça ira</subfield><subfield code="w">(CH-000273-5)25031</subfield></datafield><datafield tag="852" ind1="4" ind2="0"><subfield code="a">CH-000273-5</subfield><subfield code="c">DADA III:15:10</subfield></datafield><datafield tag="856" ind1="4" ind2="1"><subfield code="u">https://digital.kunsthaus.ch/viewer/image/25064/1/</subfield><subfield code="y">Kunsthaus Zürich Sammlungen online</subfield></datafield></record></collection>